| 000 -LEADER |
| fixed length control field |
01209cam a22002777i 4500 |
| 003 - CONTROL NUMBER IDENTIFIER |
| control field |
OSt |
| 005 - DATE AND TIME OF LATEST TRANSACTION |
| control field |
20230309153645.0 |
| 008 - FIXED-LENGTH DATA ELEMENTS--GENERAL INFORMATION |
| fixed length control field |
150409t20162016caua b 001 0 eng c |
| 020 ## - INTERNATIONAL STANDARD BOOK NUMBER |
| International Standard Book Number |
9781529731743 |
| 035 ## - SYSTEM CONTROL NUMBER |
| System control number |
(OCoLC)ocn930445694 |
| 082 ## - DEWEY DECIMAL CLASSIFICATION NUMBER |
| Classification number |
300.72 |
| Item number |
SAL |
| 100 1# - MAIN ENTRY--PERSONAL NAME |
| Personal name |
Saldaña, Johnny, |
| Relator term |
author. |
| 245 14 - TITLE STATEMENT |
| Title |
The coding manual for qualitative researchers / |
| Statement of responsibility, etc |
Johnny Saldaña. |
| 250 ## - EDITION STATEMENT |
| Edition statement |
3E [Third edition]. |
| 300 ## - PHYSICAL DESCRIPTION |
| Extent |
xiv, 339 pages : |
| Other physical details |
illustrations ; |
| Dimensions |
25 cm |
| 500 ## - GENERAL NOTE |
| General note |
First edition published in 2009. Second edition published 2013. |
| 504 ## - BIBLIOGRAPHY, ETC. NOTE |
| Bibliography, etc |
Includes bibliographical references (pages 315-331) and index. |
| 505 0# - FORMATTED CONTENTS NOTE |
| Formatted contents note |
An introduction to codes and coding -- Writing analytic memos about narrative and visual data -- First cycle coding methods -- After first cycle coding -- Second cycle coding methods -- After second cycle coding. |
| 650 #0 - SUBJECT ADDED ENTRY--TOPICAL TERM |
| Topical term or geographic name as entry element |
Qualitative research. |
| 650 #0 - SUBJECT ADDED ENTRY--TOPICAL TERM |
| Topical term or geographic name as entry element |
Qualitative research |
| General subdivision |
Data processing. |
| 650 #0 - SUBJECT ADDED ENTRY--TOPICAL TERM |
| Topical term or geographic name as entry element |
Social sciences |
| General subdivision |
Research. |
| 906 ## - LOCAL DATA ELEMENT F, LDF (RLIN) |
| a |
7 |
| b |
cbc |
| c |
pccadap |
| d |
2 |
| e |
ncip |
| f |
20 |
| g |
y-gencatlg |
| 942 ## - ADDED ENTRY ELEMENTS (KOHA) |
| Source of classification or shelving scheme |
|
| 955 ## - COPY-LEVEL INFORMATION (RLIN) |
| Book number/undivided call number, CCAL (RLIN) |
rm08 2016-05-07 z-processor |
| Copy status, CST (RLIN) |
rm06 2016-12-28 to Dewey |
| 955 ## - COPY-LEVEL INFORMATION (RLIN) |
| Classification number, CCAL (RLIN) |
pc17 2015-04-09 |
| -- |
xn11 2016-05-04 1 copy rec'd., to USASH |